00405pab a2200145 454500008004000000100002300040245007100063260000900134300001400143362001200157650003400169650001800203700002100221773001700242180718b2005 xxu||||| |||| 00| 0 eng d aMedhi, Birinchi K. aSome beliefs connected with child-rearing among the Garos of Assam c2005 ap.283-89. aJul-Dec aChild rearing - India - Assam aChild rearing aMarak, Queenbala aMan in India